书目信息 |
| 题名: |
磁选理论
|
|
| 作者: | 孙仲元 编著 | |
| 分册: | ||
| 出版信息: | 长沙 中南工业大学出版社 1987.11 |
|
| 页数: | 215页 | |
| 开本: | 19cm | |
| 丛书名: | ||
| 单 册: | ||
| 中图分类: | TD924 | |
| 科图分类: | ||
| 主题词: | 选矿流程 , 选矿方法 , 磁力选矿 | |
| 电子资源: | ||
| ISBN: | 7-81020-101-8 | |
| 000 | 00714nam0 2200253 45 | |
| 001 | 0188021380 | |
| 005 | 20060406103423.45 | |
| 010 | @a7-81020-101-8@dCNY1.40 | |
| 020 | @aCN@b88021380 | |
| 100 | @a19910417d1987 km y0chiy0120 ea | |
| 101 | 0 | @achi |
| 102 | @aCN@b430000 | |
| 105 | @ay z 000yy | |
| 200 | 10 | @a磁选理论@Aci xuan li lun@f孙仲元编著@Fsun zhong yuan bian zhu |
| 210 | @a长沙@c中南工业大学出版社@d1987.11 | |
| 215 | @a215页@d19cm | |
| 330 | @a本书阐述了矿物的磁性、磁系及磁介质的磁场特性等内容。 | |
| 606 | 0 | @a选矿流程 |
| 606 | 0 | @a选矿方法 |
| 606 | @a磁力选矿 | |
| 690 | @aTD924 | |
| 701 | 0 | @a孙仲元@Asun zhong yuan@4编著 |
| 801 | 0 | @aCN@bNLC@c20060406 |
| 905 | @f1@b239927@dTD924@e5 | |
| 磁选理论/孙仲元编著.-长沙:中南工业大学出版社,1987.11 |
| 215页;19cm |
| ISBN 7-81020-101-8:CNY1.40 |
| 本书阐述了矿物的磁性、磁系及磁介质的磁场特性等内容。 |
| ● |
| 相关链接 |
|
|
|
|
正题名:磁选理论
索取号:TD924/5
 
预约/预借
| 序号 | 登录号 | 条形码 | 馆藏地/架位号 | 状态 | 备注 |
| 1 | 0239927 | 001940840 | 密集书库/ [索取号:TD924/5] | 在馆 | |
| 2 | 0239928 | 202209813 | 密集书库/ [索取号:TD924/5] | 在馆 | |
| 3 | 0239929 | 001361458 | 密集书库/ [索取号:TD924/5] | 在馆 | |
| 4 | 0239930 | 001361494 | 第三借阅区/ [索取号:TD924/5] | 在馆 | |
| 5 | 0239931 | 001361537 | 第二样本阅览室/ [索取号:TD924/5] | 在馆 |